Popular culture and nationalism in Lebanon : (Record no. 13640)
[ view plain ]
| 000 -LEADER | |
|---|---|
| fixed length control field | 01693cam a2200409 i 4500 |
| 001 - CONTROL NUMBER | |
| control field | 14769302 |
| 003 - CONTROL NUMBER IDENTIFIER | |
| control field | EG-ScBUE |
| 005 - DATE AND TIME OF LATEST TRANSACTION | |
| control field | 20230413103349.0 |
| 008 - FIXED-LENGTH DATA ELEMENTS--GENERAL INFORMATION | |
| fixed length control field | 070314s2008 enk f b 001 0 eng d |
| 020 ## - INTERNATIONAL STANDARD BOOK NUMBER | |
| International Standard Book Number | 9780415772730 |
| 020 ## - INTERNATIONAL STANDARD BOOK NUMBER | |
| International Standard Book Number | 0415772737 |
| 020 ## - INTERNATIONAL STANDARD BOOK NUMBER | |
| International Standard Book Number | 0203939328 (ebk.) |
| 035 ## - SYSTEM CONTROL NUMBER | |
| System control number | (OCoLC)ocm86172878 |
| 035 ## - SYSTEM CONTROL NUMBER | |
| System control number | (OCoLC)86172878 |
| Canceled/invalid control number | (OCoLC)181141938 |
| 040 ## - CATALOGING SOURCE | |
| Original cataloging agency | DLC |
| Language of cataloging | eng |
| Description conventions | rda |
| Transcribing agency | DLC |
| Modifying agency | BTCTA |
| -- | BAKER |
| -- | BWKUK |
| -- | UKM |
| -- | YDXCP |
| -- | BOS |
| -- | DLC |
| -- | EG-ScBUE |
| 043 ## - GEOGRAPHIC AREA CODE | |
| Geographic area code | a-le--- |
| 082 04 - DEWEY DECIMAL CLASSIFICATION NUMBER | |
| Classification number | 781.63095692 |
| Edition number | 22 |
| Item number | STO |
| 100 1# - MAIN ENTRY--PERSONAL NAME | |
| Personal name | Stone, Christopher Reed, |
| Dates associated with a name | 1965- |
| Relator term | author. |
| 9 (RLIN) | 12508 |
| 245 10 - TITLE STATEMENT | |
| Title | Popular culture and nationalism in Lebanon : |
| Remainder of title | the Fairouz and Rahbani nation / |
| Statement of responsibility, etc | Christopher Stone. |
| 264 #1 - PUBLICATION, DISTRIBUTION, ETC. (IMPRINT) | |
| Place of publication, distribution, etc | London ; |
| -- | New York : |
| Name of publisher, distributor, etc | Routledge, |
| Date of publication, distribution, etc | 2008. |
| 300 ## - PHYSICAL DESCRIPTION | |
| Extent | xiii, 226 pages ; |
| Dimensions | 24 cm. |
| 336 ## - CONTENT TYPE | |
| Source | rdacontent |
| Content type term | text |
| Content type code | txt |
| 337 ## - MEDIA TYPE | |
| Source | rdamedia |
| Media type term | unmediated |
| Media type code | n |
| 338 ## - CARRIER TYPE | |
| Source | rdacarrier |
| Carrier type term | volume |
| Carrier type code | nc |
| 490 0# - SERIES STATEMENT | |
| Series statement | Routledge studies in Middle Eastern literatures ; |
| Volume number/sequential designation | 18 |
| 504 ## - BIBLIOGRAPHY, ETC. NOTE | |
| Bibliography, etc | Includes bibliographical references and index. |
| 650 #7 - SUBJECT ADDED ENTRY--TOPICAL TERM | |
| Topical term or geographic name as entry element | Popular music |
| Geographic subdivision | Lebanon |
| General subdivision | History and criticism. |
| Source of heading or term | BUEsh |
| 9 (RLIN) | 12509 |
| 650 #7 - SUBJECT ADDED ENTRY--TOPICAL TERM | |
| Topical term or geographic name as entry element | Musical theater |
| Geographic subdivision | Lebanon |
| Chronological subdivision | 20th century. |
| Source of heading or term | BUEsh |
| 9 (RLIN) | 12510 |
| 650 #7 - SUBJECT ADDED ENTRY--TOPICAL TERM | |
| Topical term or geographic name as entry element | Popular culture |
| Geographic subdivision | Lebanon. |
| Source of heading or term | BUEsh |
| 9 (RLIN) | 12511 |
| 650 #7 - SUBJECT ADDED ENTRY--TOPICAL TERM | |
| Topical term or geographic name as entry element | Nationalism in music. |
| Source of heading or term | BUEsh |
| 9 (RLIN) | 12512 |
| 653 ## - INDEX TERM--UNCONTROLLED | |
| Resource For college | Arts and Design |
| 655 ## - INDEX TERM--GENRE/FORM | |
| Form subdivision | Reading book |
| 856 41 - ELECTRONIC LOCATION AND ACCESS | |
| Materials specified | Table of contents only |
| Uniform Resource Identifier | <a href="http://www.loc.gov/catdir/toc/ecip0713/2007010986.html">http://www.loc.gov/catdir/toc/ecip0713/2007010986.html</a> |
| 856 42 - ELECTRONIC LOCATION AND ACCESS | |
| Materials specified | Publisher description |
| Uniform Resource Identifier | <a href="http://www.loc.gov/catdir/enhancements/fy0731/2007010986-d.html">http://www.loc.gov/catdir/enhancements/fy0731/2007010986-d.html</a> |
| 942 ## - ADDED ENTRY ELEMENTS (KOHA) | |
| Source of classification or shelving scheme | Dewey Decimal Classification |
| Koha item type | Book - Borrowing |
| Withdrawn status | Lost status | Source of classification or shelving scheme | Damaged status | Not for loan | Collection code | Home library | Current library | Shelving location | Date acquired | Source of acquisition | Cost, normal purchase price | Serial Enumeration / chronology | Total Checkouts | Total Renewals | Full call number | Barcode | Date last seen | Date checked out | Price effective from | Koha item type |
|---|---|---|---|---|---|---|---|---|---|---|---|---|---|---|---|---|---|---|---|---|
| Dewey Decimal Classification | Iqraa | Central Library | Central Library | Second Floor | 11/03/2010 | 788.00 | 1985 | 1 | 3 | 781.63095692 STO | 000020161 | 15/07/2025 | 14/12/2014 | 11/03/2010 | Book - Borrowing |